00324nam a2200085Ia 4500082002300000245010000023260006200123300001000185710004300195 aRR 016.3120954 CEN 0aCensus publications 1961, Released utpo end of July, 1969 : Supplement to Bulletin No.2 of 1969 aNew DelhibOffice of the Registrar General, Ministrc1970 a154p. aIndia. Office of the Registrar General